000 00559nam a2200181Ia 4500
003 Ost
005 20260507075647.0
008 260507s9999||||xx |||||||||||||| ||und||
040 _cfsecg
041 _aara
082 _a510.01
100 _aرجب، محمد حسين
_eمؤلف
245 0 _aأساسيات الرياضيات /
_c محمد حسين رجب
260 _aالقاهرة:
_bدار الفجر للنشر والتوزيع,
_c2000
300 _a263 صفحة؛
_bإيضاحات ؛
_c24 سم
653 _aالرياضيات
942 _cكتاب
999 _c45500
_d45500